000
00288nam a22001337a 4500
008
171213b xxu||||| |||| 00| 0 eng d
020
_a
9780314063533
041
_a
eng
080
_a
54
100
_a
12
101
_a
KIM
245
_a
GENERAL CHEMISTRY
_c
UMLAND.J.B
942
_2
udc
_c
BK
999
_c
38883
_d
38883